Responses for show #7765 - Friday, May 18, 2018

2018 Teachers Tournament final game 2.

Contestants

Steve Mond, a 9th and 10th grade math teacher from Midvale, Utah (subtotal of $2,600)

Larry Martin, a second grade teacher from Kansas City, Missouri (subtotal of $11,799)

Claire Bishop, a high school Latin teacher from Lexington, Kentucky (subtotal of $1,400)

Jeopardy! Round responses

THE SCHOOL YEAR
PLANT ILLNESSES
CROSSWORD CLUES "A"
HOME ROOM
SOCCER
PUTTING THE VICE IN VICE PRESIDENT
    $200 26
New Jersey

Claire
    $200 6
water

Larry
    $200 29
arid

Steve
    $200 1
a formal dining room

Claire
    $200 9
the World Cup

Larry
    $200 2
Andrew Johnson

Claire
    $400 27
(Nathaniel) Hawthorne

Larry
    $400 12
roses

Claire
    $400 28
alimony

Steve
    $400 11
den

Triple Stumper
    $400 18
(Larry: What is Argentina?)
...
(Alex: The Olympics were held in Rio. Hometown team.)

Brazil

LarrySteve
    $400 19
Buchanan

Claire
    $600 25
Dartmouth

Steve
    $600 30
Dutch elm disease

Larry
    $600 24
angling

Claire
    $600 23
salon

Larry
    $600 17
Portland

Claire
    $600 22
Spiro Agnew

Claire
    $1,500 15
(Alex: Claire?)
(Claire: What is Davidson?)

Gettysburg

Claire
    $800 21
a mite

Larry
    $800 20
ambidextrous

Claire
    $800 16
the attic

Larry
    $800 10
Cristiano Ronaldo

Steve
    $800 3
(Aaron) Burr

Larry
    $1000 5
Radcliffe

Steve
    $1000 13
blight

Claire
    $1000 14
astronomer

Claire
    $1000 8
Pullman

Steve
    $1000 7
a pitch

Claire
    $1000 4
(Steve: Who is Andrew Jackson?)

(Ulysses) Grant

LarrySteve

Scores at the first commercial break (after clue 15):

Claire Larry Steve
$2,300 $2,200 $1,800

Scores at the end of the Jeopardy! Round:

Claire Larry Steve
$5,500 $5,000 $3,400

Double Jeopardy! Round responses

HAUTE FOR TEACHER
ISLANDS
WORDS FROM SWAHILI
THE LITERARY CHARACTER'S LAST NAME
ARE YOU THEIR GOD?
IT'S ME, MARGARET
    $400 14
high

Larry
    $400 2
Niagara Falls

Claire
    $400 16
safari

Claire
    $400 4
Nickleby

Larry
    $400 1
Thor

Claire
    $400 17
Hot Lips

Larry
    $800 29
sauces

Claire
    $800 28
Crete

Steve
    $800 25
Kwanzaa

Claire
    $800 27
Bucket

Larry
    $800 11
the Tigris and the Euphrates

Steve
    $800 24
The Crown

Claire
    $1200 30
Indiana State

Steve
    $2,000 3
Hispaniola

Claire
    $1200 23
mamba

Steve
    $1200 7
Haze

Triple Stumper
    $1200 12
(Steve: What is exorcism?)

baptism

LarrySteve
    $1200 26
(Margaret) Hamilton

Larry
    $1600 21
dressage

Larry
    $1600 8
(Larry: What is Saint Kitts?)

St. Thomas

ClaireLarry
    $1600 15
Jenga

Steve
    $1600 5
White

Larry
    $1600 10
Juno

Steve
    $1600 19
Groucho Marx

Steve
    $5,000 22
Coco Chanel

Larry
    $2000 9
(Steve: What is Australia?)

France

Steve
Triple Stumper
    $2000 18
Bwana

Larry
    $2000 6
de Winter

Triple Stumper
    $2000 13
Kubla Khan

Claire
    $2000 20
(Margaret) Cho

Larry

Scores at the end of the Double Jeopardy! Round:

Claire Larry Steve
$14,700 $20,000 $9,000
(lock tournament)

[wagering suggestions for these scores]

Final Jeopardy! Round responses

GEOGRAPHIC HISTORY
SteveWhat is the Ohio River?
$4,501
ClaireWhat is the Mason-Dixon Line
$4,501
LarryWhat is the Mason-Dixon Line?
$0
the Mason-Dixon line

Final scores:

Claire Larry Steve
$19,201 $20,000 $4,499

Cumulative scores:

Claire Larry Steve
$20,601 $31,799 $7,099
1st runner-up: $50,000 Tournament champion: $100,000 2nd runner-up: $25,000

Game dynamics:

Coryat scores:

Claire Larry Steve
$15,400 $17,000 $9,000
21 R
(including 1 DD),
1 W
(including 1 DD)
20 R
(including 1 DD),
2 W
14 R,
3 W

Combined Coryat: $41,400

The J! Archive is created by fans, for fans. The Jeopardy! game show and all elements thereof, including but not limited to copyright and trademark thereto, are the property of Jeopardy Productions, Inc. and are protected under law. This website is not affiliated with, sponsored by, or operated by Jeopardy Productions, Inc. Join the discussion at JBoard.tv.